| 000 | 00606nam a2200241 a 4500 | ||
|---|---|---|---|
| 001 | nice12345678 | ||
| 003 | IN_TiNIC | ||
| 005 | 20260116014045.0 | ||
| 008 | 050101s2003 lona grp 000 0 eng | ||
| 020 |
_a9781844130429 _c395 |
||
| 082 | 0 | 0 |
_a291.4 _bBRU |
| 100 | _aBrunton, Paul | ||
| 245 |
_aHermit in the Himalayas _b The Classic Work of Mystical Quest |
||
| 260 |
_aLondon _bRider _c2003 |
||
| 300 | _a187p | ||
| 500 | _aincludes index and biblioraphy | ||
| 505 | 2 | _aEpilogue | |
| 650 | _aSpirituality | ||
| 700 | 1 | _aBrunton, Paul | |
| 902 | _bSRS | ||
| 942 | _cBK | ||
| 999 |
_c13685 _d13685 |
||